CHP grup toplantısı tutanakları (Record no. 10026)

MARC details
000 -BAŞLIK
Sabit Uzunlukta Kontrol Alanı 00867na a2200277 4500
001 - KONTROL NUMARASI
Denetim Alanı 17105
003 - KONTROL NUMARASI IDENTIFIER
Denetim Alanı MIRAKIL
005 - SON İŞLEM TARİHİ VE ZAMANI
Denetim Alanı 20181213155304.0
008 - SABİT-BOY VERİ ELEMANLARI - GENEL BİLGİLER
Sabit Uzunlukta Kontrol Alanı 161111b tu 000 0
020 ## - ULUSLARARASI STANDART KİTAP NUMARASI
Uluslararası Standart Kitap Numarası 9756857374
035 ## - SİSTEM KONTROL NUMARASI
Sistem Kontrol Numarası 17105
040 ## - KATALOGLAMA KAYNAK
Orijinal Kataloglama Ajansı Milas
Kataloglama Dili tur
Metne Dönüştürmek Ajansı TR-AnCHP
041 ## - DİL KODU
Metin / Ses Parça Veya Ayrı Başlığın Dil Kodu tur
082 ## - DEWEY ONLU SINIFLANDIRMA NUMARASI
Sınıflandırma Numarası CHP 324.2172
Ürün Numarası C36 2002
090 ## - SINIFLAMA NUMARASI
Sınıflama Numarası CHP 324.2172 C36 2002
245 ## - BAŞLIK TABLOSU
Başlık CHP grup toplantısı tutanakları
Başlığın Kalan (1923-1924)
Sorumluluk Tablosu, Vb yayına hazırlayanlar Yücel Demirel, Osman Zeki Konur
260 ## - YAYIN, DAĞITIM, VB
Yayın, Dağıtım, Vb Yeri İstanbul
Yayıncı, Dağıtıcı, Vs Adı İstanbul Bilgi Üniversitesi Yayınları
Yayın, Dağıtım, Vb Tarihi 2002
300 ## - FİZİKSEL TANIM
Kapsam 631 s.
Boyutlar 24 sm.
440 ## - SERİSİ TABLOSU / KATMA GİRİŞİ - BAŞLIK
Başlık İstanbul Bilgi Üniversitesi yayınları
Hacim / Ardışık Tanımı 25
490 ## - SERİSİ TABLOSU
Seri Beyanı Tarih-Belge
Hacim / Ardışık Tanımı 1
610 ## - KONU KATMA GİRİŞ - TOPLANTI ADI
Giriş Elemanı Olarak Kurumsal Ad Veya Yargı Alanı Adı CHP
Genel Alt Bölüm Grup toplantıları
Kronolojik Alt Bölüm Tutanaklar
610 ## - KONU KATMA GİRİŞ - TOPLANTI ADI
Giriş Elemanı Olarak Kurumsal Ad Veya Yargı Alanı Adı CHP
Genel Alt Bölüm TBMM Grubu
Kronolojik Alt Bölüm Tutanaklar
700 ## - KATMA GİRİŞ - KİŞİSEL İSİM
Kişisel Ad Konur, Osman Zeki
700 ## - KATMA GİRİŞ - KİŞİSEL İSİM
Kişisel Ad Demirel, Yücel
942 ## - EKLENDİ GİRİŞ ELEMANLARI (KOHA)
Sınıflandırma Veya Raf Düzeni Kaynak Dewey Decimal Classification
Koha Öğesi Türü Books
999 ## - SİSTEM KONTROL NUMARALARI (KOHA)
Koha Biblionumber 10026
Koha Biblioitemnumber 10026
Holdings
Kullanım Kısıtlamaları Kalıcı Konum Mevcut Konum Edinme Tarihi Edinim Kaynak Toplam Check-Out'Lar Tam Çağrı Numarası Barkod Tarih Son Görülme İtibaren Geçerli Fiyatlar Koha Öğesi Türü
Kütüphane dışına çıkarılamaz CHP Kütüphanesi CHP Kütüphanesi 10/22/2016 Bağış   CHP 324.2172 C36 2002 007025 10/22/2016 10/22/2016 Books
Kütüphane dışına çıkarılamaz CHP Kütüphanesi CHP Kütüphanesi 03/25/2019     CHP 324.2172 C36 2002 019082 03/25/2019 03/25/2019 Books